| 000 | 00865nam a2200301 a 4500 | ||
|---|---|---|---|
| 001 | 000115594 | ||
| 003 | CHAP | ||
| 005 | 20220329144540.0 | ||
| 008 | 190612s2018 sp a |r| ||||||spa d | ||
| 010 | _a112055 | ||
| 011 | _a113027 | ||
| 020 | _a9788428329682 | ||
| 040 | _cCHAP | ||
| 082 | 0 | 4 |
_a333.79413 _bR74 |
| 100 | 1 |
_aRoldán Viloria, José. _999435 |
|
| 245 | 1 | 0 |
_aEnergías renovables : _blo que hay que saber / _cpor José Roldán Viloria. |
| 260 |
_aEspaña : _bParaninfo, _c2018. |
||
| 300 |
_a206 p. : _bil. |
||
| 590 |
_aBATCH-UPD _b05 _c20190612 _lUCH01 _h1011 |
||
| 590 |
_aE5765TAJ _b05 _c20190612 _lUCH01 _h1010 |
||
| 650 | 1 | 4 |
_aEnergía eléctrica. _936901 |
| 650 | 1 | 4 |
_aEnergía eólica. _936903 |
| 650 | 1 | 4 |
_aEnergía solar. _936911 |
| 650 | 1 | 4 |
_aRecursos energéticos renovables. _9136020 |
| 901 | _aBK | ||
| 942 | _cLIBRO | ||
| 942 | _n0 | ||
| 999 |
_c112055 _d112055 |
||